[Event "Sharjah Masters 7th"]
[Site "Sharjah"]
[Date "2024.05.16"]
[Round "3"]
[White "Avila Pavas, Santiago"]
[Black "Moroni, Luca Jr"]
[Result "0-1"]
[WhiteElo "2516"]
[BlackElo "2581"]
[PlyCount "104"]
[EventDate "2024.05.14"]
[EventType "swiss"]
[EventRounds "9"]
[EventCountry "UAE"]
[SourceTitle "CB21_2024"]
[SourceDate "2024.05.22"]
[SourceVersion "1"]
[SourceVersionDate "2024.05.22"]
[SourceQuality "1"]

1. e4 c5 2. Nf3 Nc6 3. Bb5 Qc7 4. 0-0 a6 5. Bxc6 dxc6 6. h3 e5 7. a4 a5 8. Na3 Ne7 9. c3 Ng6 10. d4 cxd4 11. cxd4 exd4 12. Qxd4 Be6 13. Ng5 Bd7 14. Rd1 Rd8 15. Qc4 Ne5 16. Bf4 Nf3+ 17. Nxf3 Qxf4 18. Qc3 Be7 19. Nc4 0-0 20. Nxa5 Bc8 21. Qe5 Qxe5 22. Nxe5 f6 23. Nf3 Bb4 24. Nc4 Be6 25. Ne3 Bb3 26. Rxd8 Rxd8 27. a5 Bc5 28. a6 Ra8 29. Rc1 b6 30. Ra1 Ra7 31. Nf5 Bc2 32. Ng3 Bd3 33. Nh4 Kf7 34. Nhf5 g6 35. Rd1 Bxa6 36. Nh6+ Kg7 37. Ng4 h5 38. Ne3 Bb5 39. h4 Kf7 40. Rd8 Ra1+ 41. Kh2 Rb1 42. Rd7+ Ke6 43. Rg7 Bf8 44. Rb7 Bc5 45. Rg7 Bxe3 46. fxe3 Rxb2 47. Rxg6 Be2 48. Nf5 Ke5 49. Ne7 Rc2 50. Rg8 Kxe4 51. Rc8 c5 52. Kg3 Bf1 0-1

[Event "Titled Tuesday intern op 14th May Late"]
[Site "Chess.com INT"]
[Date "2024.05.14"]
[Round "5"]
[White "Bok, Benjamin"]
[Black "Moroni, Luca Jr"]
[Result "1-0"]
[WhiteElo "2599"]
[BlackElo "2581"]
[PlyCount "171"]
[EventDate "2024.05.14"]
[EventType "swiss (blitz)"]
[EventRounds "11"]
[EventCountry "USA"]
[SourceTitle "CB21_2024"]
[SourceDate "2024.05.22"]
[SourceVersion "1"]
[SourceVersionDate "2024.05.22"]
[SourceQuality "1"]

1. d4 g6 2. Nf3 Bg7 3. c4 d6 4. Nc3 Nc6 5. g3 Bd7 6. Bg2 Qc8 7. 0-0 Bh3 8. e4 Bg4 9. Be3 e5 10. d5 Nd4 11. Nb5 Nxf3+ 12. Bxf3 Bxf3 13. Qxf3 a6 14. Nc3 f5 15. c5 Nf6 16. cxd6 cxd6 17. Rac1 0-0 18. exf5 Qxf5 19. Qxf5 gxf5 20. Rfd1 Rac8 21. f3 Rc4 22. b3 Rc7 23. Bb6 Rcc8 24. Kf2 e4 25. Bd4 exf3 26. Kxf3 Ng4 27. Bxg7 Kxg7 28. h3 Ne5+ 29. Kg2 f4 30. gxf4 Rxf4 31. Ne2 Rxc1 32. Rxc1 Rf7 33. Nd4 Nd3 34. Ne6+ Kg6 35. Rc8 Nb4 36. Rd8 Nxd5 37. Rxd6 Ne3+ 38. Kg1 Rf1+ 39. Kh2 Kf5 40. Nc5 Rf2+ 41. Kg3 Rxa2 42. Rb6 Nf1+ 43. Kf3 Nd2+ 44. Ke3 Nf1+ 45. Kd4 Rd2+ 46. Kc3 Rh2 47. Rxb7 Rxh3+ 48. Kb4 Nd2 49. Rd7 Nf3 50. Rf7+ Kg6 51. Ra7 Ne5 52. Rxa6+ Kf5 53. Ra8 h5 54. Rf8+ Kg6 55. Kb5 h4 56. b4 Rh1 57. Ne4 h3 58. Rh8 Nf7 59. Rh4 Ng5 60. Nf2 Rb1 61. Nxh3 Nf3 62. Rg4+ Kh5 63. Re4 Kg6 64. Rf4 Nd2 65. Rd4 Nb3 66. Rd3 Kf5 67. Nf2 Ke5 68. Ng4+ Ke4 69. Nf2+ Ke5 70. Nd1 Nd4+ 71. Kc4 Rc1+ 72. Nc3 Ne2 73. b5 Nf4 74. Re3+ Kd6 75. Re4 Ne6 76. Rg4 Nc7 77. Kb4 Kd7 78. b6 Na6+ 79. Kc4 Nc7 80. Rg7+ Kc6 81. bxc7 Kb7 82. Kd4 Rc2 83. Nd5 Rd2+ 84. Ke5 Re2+ 85. Kd6 Rd2 86. Rg8 1-0

[Event "Titled Tuesday intern op 14th May Late"]
[Site "Chess.com INT"]
[Date "2024.05.14"]
[Round "3"]
[White "Karamsetty, Jeevan"]
[Black "Moroni, Luca Jr"]
[Result "1/2-1/2"]
[WhiteElo "2245"]
[BlackElo "2581"]
[PlyCount "130"]
[EventDate "2024.05.14"]
[EventType "swiss (blitz)"]
[EventRounds "11"]
[EventCountry "USA"]
[SourceTitle "CB21_2024"]
[SourceDate "2024.05.22"]
[SourceVersion "1"]
[SourceVersionDate "2024.05.22"]
[SourceQuality "1"]

1. e4 g6 2. d4 Bg7 3. Nc3 a6 4. Be3 b5 5. g4 Bb7 6. Bg2 b4 7. Nce2 Nf6 8. f3 d6 9. Qd2 a5 10. a3 Na6 11. h4 h5 12. g5 Nd7 13. f4 c5 14. Kf2 0-0 15. c3 Nb6 16. b3 a4 17. axb4 axb3 18. Rb1 cxb4 19. Rxb3 Nc4 20. Qd3 Nxe3 21. Qxe3 Qa5 22. Nf3 Bc6 23. cxb4 Nxb4 24. Rhb1 Na6 25. e5 dxe5 26. dxe5 Nc7 27. Nfd4 Bxg2 28. Kxg2 Nd5 29. Qf3 e6 30. f5 gxf5 31. Qxh5 Bxe5 32. g6 fxg6 33. Qxg6+ Bg7 34. Rb7 Nc7 35. Rc1 Qd5+ 36. Kf2 Qxb7 37. Nc6 Rf7 38. h5 Qb6+ 39. Kf1 Ra2 40. h6 Qe3 41. Re1 Qxh6 42. Qg3 Qf6 43. Ncd4 Ra1 44. Rxa1 f4 45. Qf3 Rf8 46. Rc1 e5 47. Rxc7 exd4 48. Qd5+ Kh8 49. Rc6 Qf7 50. Qg2 d3 51. Qh3+ Kg8 52. Qxd3 f3 53. Ng3 Qe8 54. Qc4+ Kh8 55. Re6 Qf7 56. Qh4+ Kg8 57. Qe4 Qc7 58. Qd5 Qf7 59. Ne4 Re8 60. Ng5 Rxe6 61. Nxf7 Kxf7 62. Qxf3+ Bf6 63. Qf5 Re7 64. Qh7+ Ke6 65. Qxe7+ Kxe7 1/2-1/2

[Event "Titled Tuesday intern op 14th May Late"]
[Site "Chess.com INT"]
[Date "2024.05.14"]
[Round "4"]
[White "Moroni, Luca Jr"]
[Black "Riff, Vincent"]
[Result "1-0"]
[WhiteElo "2581"]
[BlackElo "2368"]
[PlyCount "79"]
[EventDate "2024.05.14"]
[EventType "swiss (blitz)"]
[EventRounds "11"]
[EventCountry "USA"]
[SourceTitle "CB21_2024"]
[SourceDate "2024.05.22"]
[SourceVersion "1"]
[SourceVersionDate "2024.05.22"]
[SourceQuality "1"]

1. d4 Nf6 2. Bf4 d5 3. e3 e6 4. Nf3 Be7 5. Nbd2 c5 6. c3 Nc6 7. Bd3 0-0 8. h3 Bd6 9. dxc5 Bxc5 10. 0-0 Bd6 11. Bxd6 Qxd6 12. e4 Rd8 13. Qe2 e5 14. Rad1 Qe7 15. Rfe1 d4 16. cxd4 Nxd4 17. Nxd4 Rxd4 18. Nf3 Rd8 19. Bc4 Be6 20. Nxe5 Bxc4 21. Nxc4 Rxd1 22. Qxd1 Rd8 23. Qb3 b6 24. e5 Nd5 25. Rd1 Nf4 26. Rxd8+ Qxd8 27. Nd6 Qe7 28. Qc4 Ng6 29. f4 h5 30. Qc8+ Kh7 31. Qf5 Qh4 32. Nxf7 Qxf4 33. Ng5+ Kh6 34. Nf7+ Kh7 35. Qxh5+ Kg8 36. Qxg6 Qxf7 37. Qxf7+ Kxf7 38. Kf2 Ke6 39. Ke3 Kxe5 40. h4 1-0

[Event "Chess.com Classic Play In"]
[Site "Chess.com INT"]
[Date "2024.05.08"]
[Round "2"]
[White "Moroni, Luca Jr"]
[Black "Iturrizaga Bonelli, Eduardo"]
[Result "0-1"]
[WhiteElo "2581"]
[BlackElo "2591"]
[PlyCount "134"]
[EventDate "2024.05.08"]
[EventType "swiss (rapid)"]
[EventRounds "9"]
[EventCountry "USA"]
[SourceTitle "CB20_2024"]
[SourceDate "2024.05.16"]
[SourceVersion "1"]
[SourceVersionDate "2024.05.16"]
[SourceQuality "1"]

1. c4 Nf6 2. Nc3 c5 3. Nf3 Nc6 4. d4 cxd4 5. Nxd4 g6 6. e4 d6 7. Be2 Bg7 8. Be3 0-0 9. 0-0 Bd7 10. h3 Nxd4 11. Bxd4 Bc6 12. Qc2 a5 13. Rad1 Qc7 14. f4 Nd7 15. Bxg7 Kxg7 16. Kh2 a4 17. Nd5 Bxd5 18. exd5 f5 19. g4 Nc5 20. Rde1 Rf7 21. gxf5 Rxf5 22. Bg4 Rf6 23. f5 Raf8 24. Qc3 Kg8 25. Rg1 R8f7 26. fxg6 hxg6 27. b4 axb3 28. axb3 Kf8 29. Rg2 Nd7 30. Bxd7 Qxd7 31. Re6 Ke8 32. Qe3 Kd8 33. Rxg6 Rxg6 34. Rxg6 Kc7 35. Qe6 Qe8 36. c5 Qf8 37. Rg2 dxc5 38. b4 c4 39. b5 Rf3 40. b6+ Kd8 41. Rg8 Rf2+ 42. Kg1 Rf1+ 43. Kg2 Rf2+ 44. Kh1 Rf1+ 45. Kh2 Rf2+ 46. Kg3 Rf3+ 47. Kg4 Rf4+ 48. Kg5 Rf5+ 49. Kh4 Rf4+ 50. Kh5 Rf5+ 51. Kg6 Rf6+ 52. Kh5 Rf5+ 53. Qxf5 Qxg8 54. Qe5 Qf7+ 55. Kg4 Qg6+ 56. Kf4 Qxb6 57. h4 Qf2+ 58. Kg5 Qf6+ 59. Qxf6 exf6+ 60. Kf4 c3 61. Ke3 f5 62. h5 f4+ 63. Kd3 f3 64. h6 f2 65. Ke2 c2 66. h7 f1Q+ 67. Kxf1 c1Q+ 0-1

[Event "Chess.com Classic Play In"]
[Site "Chess.com INT"]
[Date "2024.05.08"]
[Round "3"]
[White "Moroni, Luca Jr"]
[Black "Lupulescu, Constantin"]
[Result "1-0"]
[WhiteElo "2581"]
[BlackElo "2588"]
[PlyCount "127"]
[EventDate "2024.05.08"]
[EventType "swiss (rapid)"]
[EventRounds "9"]
[EventCountry "USA"]
[SourceTitle "CB20_2024"]
[SourceDate "2024.05.16"]
[SourceVersion "1"]
[SourceVersionDate "2024.05.16"]
[SourceQuality "1"]

1. c4 e6 2. Nc3 d5 3. d4 Nf6 4. cxd5 exd5 5. Bg5 c6 6. e3 h6 7. Bh4 Be7 8. Bd3 0-0 9. Nge2 Nbd7 10. Qc2 Re8 11. h3 Ne4 12. Bxe7 Qxe7 13. Bxe4 dxe4 14. g4 Nf6 15. Ng3 b5 16. 0-0-0 a5 17. Kb1 a4 18. Rhg1 Bd7 19. Rc1 a3 20. b3 c5 21. dxc5 Qxc5 22. Nce2 Qe5 23. Qc3 b4 24. Qxe5 Rxe5 25. Nd4 h5 26. gxh5 Nxh5 27. Rc4 Nf6 28. Rxb4 Bxh3 29. Nge2 Bg4 30. Ng3 Bc8 31. Kc1 Nd5 32. Rb5 Ba6 33. Ra5 Bb7 34. Rb5 Ba6 35. Rc5 Nb4 36. Rxe5 Nd3+ 37. Kd2 Nxe5 38. Nxe4 Rd8 39. Rg3 Bb7 40. Nc5 Ba8 41. Kc3 Rc8 42. b4 Nd7 43. Nf5 Kf8 44. Kd4 Nxc5 45. bxc5 g6 46. Nd6 Rb8 47. e4 Rb4+ 48. Ke5 Ke7 49. Rxa3 f6+ 50. Kf4 Bxe4 51. Nxe4 f5 52. f3 fxe4 53. fxe4 Rc4 54. Ra7+ Ke6 55. Ra6+ Kf7 56. Ra5 Ke6 57. Ra6+ Kf7 58. Rc6 Ra4 59. Ke5 Rxa2 60. Rc7+ Ke8 61. Ke6 Kd8 62. Rg7 Ra6+ 63. Kd5 Kc8 64. e5 1-0

[Event "Sardinia World op-A"]
[Site "Orosei"]
[Date "2024.05.04"]
[Round "9"]
[White "Aizenberg, Benny"]
[Black "Moroni, Luca Jr"]
[Result "0-1"]
[WhiteElo "2409"]
[BlackElo "2580"]
[PlyCount "146"]
[EventDate "2024.04.27"]
[EventType "swiss"]
[EventRounds "9"]
[EventCountry "ITA"]
[SourceTitle "CB19_2024"]
[SourceDate "2024.05.08"]
[SourceVersion "1"]
[SourceVersionDate "2024.05.08"]
[SourceQuality "1"]

1. e4 e5 2. Nf3 Nc6 3. d4 exd4 4. Nxd4 Bc5 5. Nb3 Bb4+ 6. c3 Be7 7. f4 d6 8. Bd3 Bh4+ 9. g3 Bf6 10. Be3 h5 11. N1d2 Bg4 12. Be2 Qd7 13. h3 Bxe2 14. Qxe2 0-0-0 15. 0-0-0 Qe6 16. g4 g6 17. Qf3 Bg7 18. f5 Qd7 19. g5 Ne5 20. Qf1 f6 21. h4 Re8 22. Bd4 Ng4 23. fxg6 fxg5 24. Qf7 Bxd4 25. cxd4 gxh4 26. Rxh4 N8f6 27. Rf1 Re7 28. Rxf6 Rxf7 29. Rxf7 Qe8 30. Rh3 Rg8 31. Rc3 Qd8 32. Rcf3 Qg5 33. Rc3 c6 34. d5 Qxg6 35. Re7 Re8 36. Rxe8+ Qxe8 37. dxc6 bxc6 38. Nd4 Ne5 39. Nf5 Qe6 40. Rh3 Qxa2 41. Ra3 Qe6 42. Rxa7 Kb8 43. Rh7 Qg6 44. Rg7 Qf6 45. Kc2 d5 46. Rh7 Qg5 47. Re7 Qf4 48. Nd4 Qf2 49. Rxe5 Qxd4 50. Rxh5 dxe4 51. Rh3 Qf2 52. Rh8+ Kc7 53. Rh7+ Kd8 54. Kc3 Qe3+ 55. Kc2 Qf2 56. Kc3 Qe3+ 57. Kc2 Qd3+ 58. Kd1 e3 59. Rh2 Kc7 60. Re2 exd2 61. Rxd2 Qb1+ 62. Ke2 c5 63. Ke3 Kc6 64. Rg2 Kd5 65. Re2 Kc4 66. Kf4 Qc1+ 67. Ke4 Qd1 68. Ke3 Kb3 69. Rd2 Qxd2+ 70. Kxd2 Kxb2 71. Kd3 Kb3 72. Kd2 c4 73. Kc1 Kc3 0-1

[Event "Sardinia World op-A"]
[Site "Orosei"]
[Date "2024.04.30"]
[Round "5"]
[White "Mikhalevski, Victor"]
[Black "Moroni, Luca Jr"]
[Result "0-1"]
[WhiteElo "2506"]
[BlackElo "2580"]
[PlyCount "68"]
[EventDate "2024.04.27"]
[EventType "swiss"]
[EventRounds "9"]
[EventCountry "ITA"]
[SourceTitle "CB19_2024"]
[SourceDate "2024.05.08"]
[SourceVersion "1"]
[SourceVersionDate "2024.05.08"]
[SourceQuality "1"]

1. Nf3 Nf6 2. g3 d5 3. Bg2 e6 4. 0-0 Be7 5. d4 0-0 6. c4 Nbd7 7. Qc2 a5 8. cxd5 exd5 9. Nc3 c6 10. Bf4 Nb6 11. Rad1 h6 12. h3 Be6 13. g4 Nfd7 14. e3 f5 15. Nh2 Nc4 16. Ne2 Qe8 17. b3 Nd6 18. Be5 g5 19. f4 Ne4 20. Bxe4 fxe4 21. Rf2 Rc8 22. Qb2 Kh7 23. Nf1 c5 24. Nfg3 gxf4 25. Bxf4 Bh4 26. Rdf1 Qg6 27. Kh2 cxd4 28. Nxd4 Nc5 29. Nxe6 Nxe6 30. Be5 Rxf2+ 31. Rxf2 Ng5 32. Bf6 Nf3+ 33. Rxf3 exf3 34. Bc3 Qd3 0-1

[Event "ITA-chT GpA 55th"]
[Site "Vasto"]
[Date "2024.04.08"]
[Round "1.21"]
[White "Moroni, Luca Jr"]
[Black "Fier, Alexandr"]
[Result "1/2-1/2"]
[WhiteElo "2580"]
[BlackElo "2566"]
[PlyCount "85"]
[EventDate "2024.04.08"]
[EventType "team-tourn"]
[EventRounds "7"]
[EventCountry "ITA"]
[SourceTitle "CB16_2024"]
[SourceDate "2024.04.17"]
[SourceVersion "1"]
[SourceVersionDate "2024.04.17"]
[SourceQuality "1"]
[WhiteTeam "Cerianese Scacchistica"]
[BlackTeam "Lazio Scacchi"]
[WhiteTeamCountry "ITA"]
[BlackTeamCountry "ITA"]

1. Nf3 Nf6 2. g3 c5 3. Bg2 Nc6 4. 0-0 e5 5. e4 d6 6. Nc3 g6 7. d3 Bg7 8. Nd2 0-0 9. Nc4 Bg4 10. f3 Be6 11. Ne3 d5 12. exd5 Nxd5 13. Nexd5 Bxd5 14. Nxd5 Qxd5 15. f4 Qd4+ 16. Kh1 exf4 17. c3 Qd7 18. Bxf4 Rad8 19. Bg5 Rde8 20. Qd2 Nd8 21. Be3 Ne6 22. Rad1 Rd8 23. d4 cxd4 24. cxd4 Bxd4 25. Qb4 Qd6 26. Qxb7 Qb6 27. Qxb6 axb6 28. Bc1 Rd6 29. b3 Rfd8 30. Bf3 Kg7 31. Be2 Bc3 32. Rxd6 Rxd6 33. Bc4 Rd7 34. Kg2 Nc5 35. g4 Ne4 36. Bf4 Bd2 37. Kf3 Bxf4 38. Kxf4 Nc3 39. a3 b5 40. Rc1 bxc4 41. Rxc3 cxb3 42. Rxb3 Rd4+ 43. Kg3 1/2-1/2

[Event "Titled Tuesday intern op 02nd Apr Late"]
[Site "Chess.com INT"]
[Date "2024.04.02"]
[Round "3"]
[White "Moroni, Luca Jr"]
[Black "Banerjee, Supratit"]
[Result "1-0"]
[WhiteElo "2580"]
[BlackElo "2060"]
[PlyCount "127"]
[EventDate "2024.04.02"]
[EventType "swiss (blitz)"]
[EventRounds "11"]
[EventCountry "USA"]
[SourceTitle "CB15_2024"]
[SourceDate "2024.04.10"]
[SourceVersion "1"]
[SourceVersionDate "2024.04.10"]
[SourceQuality "1"]

1. d4 d5 2. Bf4 Nf6 3. e3 e6 4. Nf3 Bd6 5. Nbd2 Bxf4 6. exf4 0-0 7. Bd3 b6 8. Qe2 Bb7 9. 0-0 c5 10. c3 Nc6 11. Rac1 Rc8 12. f5 Re8 13. fxe6 Rxe6 14. Qd1 Ne4 15. dxc5 bxc5 16. Re1 f5 17. c4 Nb4 18. Bb1 Kh8 19. a3 Na6 20. cxd5 Bxd5 21. Nxe4 fxe4 22. Nd2 Qe7 23. Nf1 Bb7 24. Qe2 Rf8 25. Ng3 Re8 26. Qe3 Qf6 27. Qc3 Qd4 28. Nf5 Qxc3 29. Rxc3 Rf6 30. Ng3 Ref8 31. Bxe4 Bxe4 32. Nxe4 Re6 33. f3 h6 34. Rd1 Rb8 35. Rd2 Reb6 36. Nxc5 Nxc5 37. Rxc5 Rxb2 38. Rxb2 Rxb2 39. Rc7 a5 40. Rc5 a4 41. Rc4 Rb1+ 42. Kf2 Rb2+ 43. Kg3 Ra2 44. Rxa4 Kh7 45. h4 Kg6 46. Ra6+ Kh7 47. h5 Kg8 48. Ra7 Kh7 49. a4 Kg8 50. a5 Ra4 51. Kh3 Kf8 52. a6 Kg8 53. g4 Kf8 54. Kg3 Kg8 55. f4 Kf8 56. g5 Ra5 57. Kg4 Kg8 58. g6 Kf8 59. Rf7+ Kg8 60. a7 Ra1 61. Rb7 Kf8 62. Rb8+ Ke7 63. a8Q Rxa8 64. Rxa8 1-0